LIBRARY & INFORMATION CENTRE, KCAET, TAVANUR

ONLINE PUBLIC ACCESS CATALOGUE (OPAC)

Concise chemistry for pre-degree classes, Vol 1 / (Record no. 10706)

MARC details
000 -LEADER
fixed length control field 00608cam a2200241ua 4500
041 ## - LANGUAGE CODE
Language code of text/sound track or separate title eng
082 ## - DEWEY DECIMAL CLASSIFICATION NUMBER
Classification number 540
Item number GOP/CO
100 ## - MAIN ENTRY--AUTHOR NAME
Personal name Gopalakrishnan, K A .
245 ## - TITLE STATEMENT
Title Concise chemistry for pre-degree classes, Vol 1 /
250 ## - EDITION STATEMENT
Edition statement 1 /
260 ## - PUBLICATION, DISTRIBUTION, ETC. (IMPRINT)
Place of publication N Parur :
Name of publisher R P Pillai, Guruvilas ,
Year of publication 1964.
942 ## - ADDED ENTRY ELEMENTS (KOHA)
Koha item type Books
Holdings
Withdrawn status Lost status Damaged status Home library Current library Date acquired Full call number Accession Number Koha item type Cost, normal purchase price Public note
Withdrawn     KAUAET KAUAET 07/04/2012 540 GOP/CO 7306 Books    
Withdrawn     KAUAET KAUAET 07/04/2012 540 GOP/CO 7301 Books 7.50  
Withdrawn     KAUAET KAUAET 07/04/2012 540 GOP/CO 7299 Books 7.50  
Withdrawn     KAUAET KAUAET 07/04/2012 540 GOP/CO 7298 Books 7.50  
Withdrawn     KAUAET KAUAET 07/04/2012 540 GOP/CO 7300 Books 7.50  
Withdrawn     KAUAET Sanskrit University 07/04/2012 540 GOP/CO 7303 Books 7.50 Transferred to Sanskrit University
Withdrawn     KAUAET Sanskrit University 07/04/2012 540 GOP/CO 7302 Books 7.50 Transferred to Sanskrit University
free website counter